[Event "Landesliga Sued 9899"]
[Site "Bayern"]
[Date "1999.??.??"]
[Round "?"]
[White "Soergel, Thomas"]
[Black "Strangmueller, Andreas"]
[Result "1-0"]
[WhiteElo "2075"]
[BlackElo "1930"]

1.c4 c6 2.d4 d5 3.e3 Nf6 4.Nc3 e6 5.Nf3 Nbd7 6.cxd5 exd5 7.Bd3 Bd6 8.O-O O-O
9.Qc2 h6 10.a4 a5 11.b3 Re8 12.Ba3 Bxa3 13.Rxa3 Qe7 14.Raa1 Ne4 15.Rfe1 Ndf6
16.Ne5 Qb4 17.Nxe4 dxe4 18.Bf1 Be6 19.Rab1 Bd5 20.Rec1 Rac8 21.Qc3 Qxc3 22.Rxc3 Ra8
23.Nc4 Nd7 24.g3 Reb8 25.Bh3 Be6 26.Bxe6 fxe6 27.Nd2 Nf6 28.Rc5 b5 29.Rxc6 bxa4
30.bxa4 Rxb1+ 31.Nxb1 Kf7 32.Nc3 g5 33.Nb5 Ke7 34.Rc7+ Kf8 35.Nd6 Kg8 36.Re7 Rb8
37.Rxe6 Kg7 38.Nxe4 Nxe4 39.Rxe4 Rb4 40.Re6 Rxa4 41.Ra6 Ra2 42.Kg2 g4 43.h3 h5
44.hxg4 hxg4 45.e4 Re2 46.e5 Rd2 47.Rxa5 Rxd4 48.Ra3 Kf7 49.Ra6 Re4 50.Rf6+  1-0

[Event "Oberliga Bayern9899"]
[Site "Bayern"]
[Date "1999.??.??"]
[Round "?"]
[White "Petzold, Vinzenz"]
[Black "Wimmer, Herbert"]
[Result "1/2-1/2"]
[WhiteElo "2035"]
[BlackElo "2150"]

1.d4 d5 2.c4 c6 3.Nf3 e6 4.e3 Nf6 5.Nc3 Nbd7 6.Qc2 Bd6 7.Bd3 O-O 8.O-O dxc4
9.Bxc4 e5 10.Rd1 Qe7 11.e4 exd4 12.Nxd4 Nb6 13.Be2 Rd8 14.Nf3 Bg4 15.Rxd6 Rxd6
16.e5 Bxf3 17.exd6 Be4 18.dxe7 Bxc2 19.Bg5 Re8 20.Rc1 Bf5 21.Rd1 Bd7 22.a4 Rxe7
23.a5 Nbd5 24.Nxd5 cxd5 25.Bf3 Bc6 26.g3 Rd7 27.Be3 a6 28.Bd4 Ne4 29.Bg2 f5
30.f3 Nd6 31.Kf2 Kf7 32.b3 g6 33.Bb2 Nb5 34.Bf1 Nc7 35.Rc1 Bb5 36.Be5 Ne6
37.Bxb5 axb5 38.Ke2 Rd8 39.Kd3 Ke7 40.h4 Kd7 41.b4 Rc8 42.Rxc8 Kxc8 43.Bd6 Kd7
44.Be5 Kc6 45.Bb8 Nc7 46.Ba7 Na6 47.Kc3 Kd6 48.Bd4 Ke6 49.Be3 Nb8 50.Kd4 Nc6+
51.Kc5 d4 52.Bxd4 Nxd4 53.Kxd4 Kd6 54.g4 fxg4 55.fxg4 h6 56.Ke4 Ke6 57.Kd4  1/2-1/2

[Event "Landesliga Sued 9899"]
[Site "Bayern"]
[Date "1999.??.??"]
[Round "?"]
[White "Matevzic, Christian"]
[Black "Kempter, Ronald"]
[Result "1/2-1/2"]
[WhiteElo "2195"]
[BlackElo "2155"]

1.d4 d5 2.c4 e6 3.Nc3 Nf6 4.Nf3 c6 5.e3 Nbd7 6.b3 Bd6 7.Be2 O-O 8.O-O Re8
9.Bb2 Qe7 10.Qc2 b6 11.e4 dxe4 12.Nxe4 Nxe4 13.Qxe4 Bb7 14.Ne5 f5 15.Qe3 Nxe5
16.dxe5 Bc5 17.Qc3 Rad8 18.Rad1 Bb4 19.Qc2 Qc7 20.Bf3 Be7 21.Qc3 c5 22.Bxb7 Qxb7
23.Qe3 Rxd1 24.Rxd1 Rd8 25.Rd3 Qc7 26.Kf1 Bg5 27.Rxd8+ Qxd8 28.Qe2 g6 29.Bc3 Qa8
30.Qd3 Qc6 31.a4 Kf7 32.f3  1/2-1/2

[Event "Landesliga Sued 9899"]
[Site "Bayern"]
[Date "1999.??.??"]
[Round "?"]
[White "Loos, Stephan"]
[Black "Gschwendtner, Klaus"]
[Result "1/2-1/2"]
[WhiteElo "2045"]
[BlackElo "2135"]

1.d4 d5 2.c4 c6 3.Nc3 Nf6 4.e3 e6 5.Nf3 Nbd7 6.Qc2 Bd6 7.b3 O-O 8.Bb2 a6
9.a4 e5 10.cxd5 cxd5 11.dxe5 Nxe5 12.Be2 Qc7 13.Rc1 Be6 14.Nd4 Rac8 15.Qd1 Qe7
16.O-O Neg4 17.g3 h5 18.Nxe6 fxe6 19.Bxg4 hxg4 20.Qd3 Nd7 21.Nxd5 exd5 22.Qxd5+ Kh8
23.Qh5+ Kg8 24.Qd5+ Kh8 25.Qh5+ Kg8 26.Qd5+  1/2-1/2

[Event "Landesliga Nord 9899"]
[Site "Bayern"]
[Date "1999.??.??"]
[Round "?"]
[White "Berreth, Marc"]
[Black "Fischer, Franz"]
[Result "1/2-1/2"]
[WhiteElo "2080"]
[BlackElo "2015"]

1.d4 d5 2.c4 e6 3.Nc3 c6 4.Nf3 Nf6 5.e3 Nbd7 6.Bd3 Bd6 7.O-O O-O 8.e4 dxc4
9.Bxc4 b5 10.Bd3 e5 11.Bg5 exd4 12.Nxd4 Ne5 13.Be2  1/2-1/2

[Event "Landesliga Sued 9899"]
[Site "Bayern"]
[Date "1999.??.??"]
[Round "?"]
[White "Christensen, Niels"]
[Black "Schneider, Richard"]
[Result "0-1"]
[WhiteElo "2110"]
[BlackElo "2195"]

1.d4 Nf6 2.c4 e6 3.Nc3 d5 4.Nf3 c6 5.e3 Nbd7 6.Bd3 dxc4 7.Bxc4 b5 8.Bd3 Bb7
9.O-O Rc8 10.e4 b4 11.Na4 c5 12.e5 c4 13.Bc2 Nd5 14.Ng5 Be7 15.Ne4 O-O 16.Qg4 Kh8
17.Bg5 Bxg5 18.Nxg5 h6 19.Nxe6 fxe6 20.Qg6 Rf5 21.Bxf5 exf5 22.Qxf5 Qe7 23.Qh3 Nf4
24.Qg4 Rf8 25.Rfe1 Nxg2 26.Rec1 Rf4 27.Qg3 Rxd4 28.Rd1 Rxd1+ 29.Rxd1 Nxe5
30.f4 Nd3 31.b3 Ngxf4  0-1

[Event "Bled opB"]
[Site "Bled"]
[Date "1999.??.??"]
[Round "?"]
[White "Krasevec, Viktor"]
[Black "Rezonja, Stefan"]
[Result "0-1"]
[WhiteElo "2026"]
[BlackElo "2158"]

1.c4 Nf6 2.Nf3 c6 3.d4 d5 4.e3 e6 5.Nc3 Nbd7 6.Bd3 dxc4 7.Bxc4 b5 8.Bd3 a6
9.O-O Bb7 10.b3 Bd6 11.Bb2 c5 12.Ng5 cxd4 13.exd4 O-O 14.Rc1 Bf4 15.Nge4 Bxc1
16.Bxc1 b4 17.Nxf6+ Nxf6 18.Ne2 a5 19.Re1 Rc8 20.f3 h6 21.Bb2 Nd5 22.Qd2 Qd6
23.Bc2 Ba6 24.Ng3 f5 25.Re5 Rcd8 26.Nh5 Nc3 27.Bxc3 bxc3 28.Qxc3 Rc8 29.Rc5 Rfd8
30.b4 axb4 31.Qxb4 Qxd4+ 32.Qxd4 Rxd4 33.Rxc8+ Bxc8 34.Ng3 Ba6 35.h4 Rxh4
36.Kf2 Rb4 37.Ke1 Bc4 38.a3 Rb2 39.Kd1 Bb3  0-1

[Event "BRA-ch66 sf2"]
[Site "BRA"]
[Date "1999.??.??"]
[Round "2"]
[White "Okamura, Milton Kasuo"]
[Black "Limp, Eduardo"]
[Result "0-1"]
[WhiteElo "2240"]
[BlackElo "2413"]

1.Nf3 Nf6 2.c4 c6 3.Nc3 d5 4.d4 e6 5.e3 Nbd7 6.Qc2 Bd6 7.Be2 O-O 8.O-O dxc4
9.Bxc4 e5 10.h3 Qe7 11.e4 h6 12.Re1 exd4 13.Nxd4 Ne5 14.Bf1 Bc5 15.Be3 Bxh3
16.Nd5 cxd5 17.Nc6 bxc6 18.Bxc5 Qc7 19.Bxf8 Rxf8 20.f4 Nxe4 21.fxe5 Bf5 22.Bd3 Qxe5
23.Bxe4  0-1

[Event "BRA-ch66 sf2"]
[Site "BRA"]
[Date "1999.??.??"]
[Round "4"]
[White "Teixeira, Ricardo da Silva"]
[Black "Hirota da Silva, Nilton"]
[Result "0-1"]
[WhiteElo "2345"]
[BlackElo "2085"]

1.d4 c6 2.c4 d5 3.Nf3 Nf6 4.e3 e6 5.Nc3 Nbd7 6.Qc2 Be7 7.g4 dxc4 8.Bxc4 b5
9.Be2 b4 10.Na4 Bb7 11.g5 Nd5 12.e4 N5b6 13.Be3 Nxa4 14.Qxa4 a5 15.Rc1 Nb6
16.Qc2 Rc8 17.O-O O-O 18.Rfd1 Kh8 19.Kf1 f5 20.gxf6 Bxf6 21.Ne5 Bg5 22.Qd2 Bxe3
23.Qxe3 Qh4 24.Nf3 Qh3+ 25.Ke1 Rf6 26.Rc5 Rcf8 27.Ne5 Qh4 28.Nf3 Qh3 29.Nd2 Qxh2
30.f3 Qh1+ 31.Nf1 Rxf3 32.Bxf3 Rxf3 33.Qe2 Qh4+ 34.Kd2 Rf2 35.Qxf2 Qxf2+
36.Kc1 Na4 37.Rc2 Qf4+ 38.Nd2 Kg8 39.Kb1 Qe3 40.Nc4 Qf3 41.Re1 Ba6 42.Ne5 Qg3
43.Rcc1 c5  0-1

[Event "BRA-ch U20"]
[Site "Brasilia"]
[Date "1999.??.??"]
[Round "3"]
[White "Coelho, Luis"]
[Black "Butenko, Halex"]
[Result "0-1"]
[WhiteElo "1990"]
[BlackElo "1845"]

1.d4 d5 2.c4 e6 3.Nf3 Nf6 4.Nc3 c6 5.e3 Nbd7 6.Bd3 Be7 7.e4 dxe4 8.Nxe4 c5
9.Nxf6+ Bxf6 10.Bc2 cxd4 11.Nxd4 Qa5+ 12.Bd2 Qc5 13.Bc3 Qxc4 14.Bb3 Qa6 15.Qf3 Ne5
16.Qe3 Nd3+ 17.Kd2 Nc5 18.Nf5 Bg5 19.Nxg7+ Kf8 20.f4 Qd6+ 21.Kc2 Bxf4 22.Rad1 Bxe3
23.Rxd6 Ke7 24.Rd3 Nxd3 25.Kxd3 Bg5 26.Nf5+ exf5 27.Bxh8 Be6 28.Bc3 Bxb3
29.axb3 Rd8+ 30.Ke2 Rd5 31.Kf3 Rd3+ 32.Kf2 Bd2 33.Ke2 Rxc3 34.bxc3 Bxc3 35.Rf1 Ke6
36.Rf3 Be5 37.Rh3 b5 38.Kd3 a5 39.Rxh7 a4 40.bxa4 bxa4 41.Kc4 a3 42.Kb3 Bb2
43.Rh3 f4 44.Rh5 Kf6 45.h4 Kg6 46.Rg5+ Kf6 47.Rg8 Kf5 48.h5 Bc1 49.h6 f3
50.g4+ Ke6 51.Re8+ Kd7 52.h7 f2 53.h8=Q f1=Q 54.Rd8+ Ke6 55.Qe8+ Kf6 56.Rd6+ Kg5
57.Qg8+ Kh4 58.Qh7+ Kxg4 59.Qg7+ Kh3 60.Qh7+ Kg2  0-1

[Event "Bristol op"]
[Site "Bristol"]
[Date "1999.??.??"]
[Round "5"]
[White "Beaumont, Chris"]
[Black "Chaplin, Peter E"]
[Result "0-1"]
[WhiteElo "2298"]
[BlackElo "2060"]

1.Nf3 d5 2.c4 c6 3.d4 Nf6 4.e3 e6 5.Nc3 Be7 6.Bd3 O-O 7.O-O Nbd7 8.e4 dxe4
9.Nxe4 Nxe4 10.Bxe4 Nf6 11.Bc2 c5 12.Qe2 cxd4 13.Rd1 Qc7 14.Rxd4 b6 15.Bf4 Qc5
16.Be3 Qc7 17.Bg5 Bb7 18.Ne5 Rfd8 19.Rxd8+ Rxd8 20.Re1 Bc8 21.Qf3 Rf8 22.Qh3 g6
23.Qh4 Nd5 24.Bxg6 hxg6 25.cxd5 Bxg5 26.Qxg5 exd5 27.h4 Bf5 28.Nf3 Qd8 29.Re7 d4
30.h5 f6  0-1

[Event "Budapest FS07 Elo"]
[Site "Budapest"]
[Date "1999.??.??"]
[Round "2"]
[White "Szirmai, Eduard"]
[Black "Merenyi, Gabor"]
[Result "1-0"]
[WhiteElo "2210"]
[BlackElo "2105"]

1.d4 Nf6 2.c4 e6 3.Nf3 c6 4.e3 d5 5.Nc3 Nbd7 6.Bd3 dxc4 7.Bxc4 b5 8.Bd3 Bb7
9.O-O a6 10.e4 b4 11.e5 bxc3 12.exf6 Nxf6 13.bxc3 c5 14.Rb1 Bxf3 15.Qxf3 Qd5
16.Qe2 cxd4 17.Bxa6 Ne4 18.c4 Qf5 19.Bb5+ Kd8 20.Qd3 Rxa2 21.Qxd4+ Bd6 22.Be3 Ke7
23.Bc6 Nc5 24.Qxg7  1-0

[Event "Budapest FS07 Elo"]
[Site "Budapest"]
[Date "1999.??.??"]
[Round "6"]
[White "Szirmai, Eduard"]
[Black "Nemeth, Maria"]
[Result "1/2-1/2"]
[WhiteElo "2210"]
[BlackElo "2095"]

1.d4 d5 2.c4 c6 3.e3 Nf6 4.Nc3 e6 5.Nf3 Nbd7 6.Bd3 dxc4 7.Bxc4 b5 8.Bd3 b4
9.Ne4 c5 10.dxc5 Nxc5 11.Nxc5 Bxc5 12.Bb5+ Bd7 13.Bxd7+ Qxd7 14.Qxd7+  1/2-1/2

[Event "Radulescu Memorial"]
[Site "Calimanesti"]
[Date "1999.??.??"]
[Round "6"]
[White "Benkovic, Petar"]
[Black "Nisipeanu, Liviu Dieter"]
[Result "0-1"]
[WhiteElo "2364"]
[BlackElo "2594"]

1.Nf3 Nf6 2.c4 e6 3.Nc3 d5 4.d4 c6 5.e3 Nbd7 6.Qc2 Bd6 7.Bd3 O-O 8.O-O dxc4
9.Bxc4 b5 10.Be2 Bb7 11.Rd1 Qb8 12.a3 Rc8 13.h3 c5 14.Bxb5 Bxf3 15.gxf3 cxd4
16.Bxd7 Nxd7 17.Rxd4 Ne5 18.Kg2 Bc5 19.Rd1 Ng6 20.Qe4 Be7 21.Ne2 Bf6 22.Nd4 Rd8
23.Rd2 Rd5 24.Rb1 Re5 25.Qc6 Rg5+ 26.Kf1 Bxd4 27.exd4 Rh5 28.Rc2 Rxh3 29.Ke2 Rh1
30.b4 Ne7 31.Qc7 Qb5+ 32.Qc4 Qf5 33.Qc5 h5 34.Qxf5 Nxf5 35.Rc4 h4 36.Rb2 h3
37.Bf4 h2 38.Bxh2 Rxh2 39.b5 Rd8 40.Rbb4 Rh4  0-1

[Event "Cannes"]
[Site "Cannes"]
[Date "1999.??.??"]
[Round "1"]
[White "Lecuyer, Christian"]
[Black "Perich, Stefano"]
[Result "1-0"]
[WhiteElo "2265"]
[BlackElo "2045"]

1.Nf3 d5 2.d4 Nf6 3.c4 c6 4.Nc3 e6 5.e3 Nbd7 6.Qc2 Bd6 7.Be2 O-O 8.O-O b6
9.e4 dxe4 10.Nxe4 Nxe4 11.Qxe4 Bb7 12.Bg5 Be7 13.Bd3 g6 14.Bh6 Re8 15.Rad1 Qc7
16.Bf4 Bd6 17.Bxd6 Qxd6 18.a3 a5 19.Rfe1 Qc7 20.Ng5 h6 21.Nxf7 Kxf7 22.Qxg6+ Ke7
23.Qg7+  1-0

[Event "Cannes"]
[Site "Cannes"]
[Date "1999.??.??"]
[Round "2"]
[White "Romaszko, Sylwia"]
[Black "Laketic, Gojko"]
[Result "1/2-1/2"]
[WhiteElo "2079"]
[BlackElo "2396"]

1.d4 d5 2.c4 c6 3.Nc3 Nf6 4.e3 e6 5.Nf3 Nbd7 6.Bd3 Bd6 7.e4 dxe4 8.Nxe4 Nxe4
9.Bxe4 c5 10.d5 Nf6 11.Bc2 exd5 12.cxd5 O-O 13.O-O Nxd5 14.Qd3 Nf6 15.Bg5 Be7
16.Qc3 Nd5 17.Qd3 Nf6 18.Qc3  1/2-1/2

[Event "Cannes"]
[Site "Cannes"]
[Date "1999.??.??"]
[Round "3"]
[White "Tkachiev, Vladislav"]
[Black "Nezar, Mustapha"]
[Result "1-0"]
[WhiteElo "2634"]
[BlackElo "2275"]

1.d4 d5 2.c4 c6 3.Nc3 Nf6 4.e3 e6 5.Nf3 Nbd7 6.Bd3 dxc4 7.Bxc4 b5 8.Bd3 Bb7
9.a3 a6 10.b4 a5 11.Rb1 axb4 12.axb4 Bd6 13.e4 e5 14.O-O O-O 15.Ne2 Re8 16.Qc2 h6
17.h3 Ra4 18.dxe5 Nxe5 19.Nxe5 Bxe5 20.f4 Bb8 21.Nc3 Qd4+ 22.Kh2 Ra6 23.Rd1 Qb6
24.e5 Nd5 25.Nxd5 cxd5 26.Bb2 Ra4 27.Bd4 Qc6 28.Qe2 Bc8  1-0

[Event "Cannes"]
[Site "Cannes"]
[Date "1999.??.??"]
[Round "6"]
[White "Tkachiev, Vladislav"]
[Black "Godena, Michele"]
[Result "1/2-1/2"]
[WhiteElo "2634"]
[BlackElo "2552"]

1.d4 d5 2.c4 c6 3.Nc3 Nf6 4.e3 e6 5.Nf3 a6 6.b3 Bb4 7.Bd2 Nbd7 8.Be2 Bd6
9.O-O O-O 10.Rc1 Qe7 11.Qc2 e5 12.cxd5 cxd5 13.dxe5 Nxe5 14.Nd4 Ba3 15.Rcd1 Bd7
16.Nf5 Qe6 17.Nd4 Qe7 18.Nf5  1/2-1/2

[Event "Canovelles opA"]
[Site "Canovelles"]
[Date "1999.??.??"]
[Round "7"]
[White "Roig Gorina, H."]
[Black "Tort Cuesta, E."]
[Result "1-0"]
[WhiteElo "2035"]
[BlackElo "1985"]

1.Nf3 Nf6 2.c4 e6 3.d4 d5 4.Nc3 c6 5.e3 Be7 6.Qc2 Nbd7 7.b3 O-O 8.Bd3 dxc4
9.bxc4 c5 10.O-O cxd4 11.exd4 Nb6 12.Re1 h6 13.a4 Bd7 14.Bb2 Bc6 15.Ne5 Be8
16.Qe2 Bb4 17.a5 Nbd7 18.Red1 Qc7 19.f4 Nxe5 20.fxe5 Nh7 21.a6 Bc6 22.axb7 Qxb7
23.Ne4 Rfd8 24.c5 a5 25.Nd6 Qd7 26.Rf1 Rf8 27.Qh5 f5 28.exf6 Rxf6 29.Rxf6 Nxf6
30.Qg6 Qa7 31.Kh1 Be8 32.Qg3 Qe7 33.Rf1 Nd5 34.Bc1 Kh8 35.Nxe8 Qxe8 36.Qe5 Nf6
37.Bxh6 Qh5 38.Bxg7+  1-0

[Event "Ceske Budejovice op"]
[Site "Ceske Budejovice"]
[Date "1999.??.??"]
[Round "9"]
[White "Matlak, Marek"]
[Black "Serdt, Simon"]
[Result "1-0"]
[WhiteElo "2480"]
[BlackElo "2215"]

1.d4 d5 2.c4 e6 3.Nf3 Nf6 4.Nc3 c6 5.e3 Nbd7 6.Bd3 dxc4 7.Bxc4 b5 8.Bd3 Bb7
9.e4 a6 10.e5 Nd5 11.Nxd5 cxd5 12.O-O Be7 13.Bd2 h6 14.Qb3 Qb6 15.Rfc1 O-O
16.a4 Bc6 17.a5 Qb7 18.Bb4 Bxb4 19.Qxb4 Rfc8 20.Nd2 Nf8 21.Nb3 Be8 22.Nc5 Qa7
23.Rc3 Nd7 24.Nb3 Rxc3 25.Qxc3 Nb8 26.Bc2 Nc6 27.Nc5 b4 28.Qd3 g6 29.Qe3 Rc8
30.Bd3 Nxd4 31.Nxa6 b3 32.Kf1 Kg7 33.g3 Bd7 34.h4 h5 35.Kg2 Be8 36.Kf1 Bd7
37.Kg1 Be8 38.Kg2 Bd7 39.Kf1 Be8 40.Kg2 Bd7 41.Rd1 Nb5 42.Qb6 d4 43.Bxb5 Qxb6
44.axb6 Bxb5 45.Nc7 Bc6+ 46.f3 Rb8 47.Rxd4 Rxb6 48.Rd6 Kf8 49.Kf2 Ke7 50.Ke3 Rb7
51.Rxc6 Kd7 52.Rc3 Rxc7 53.Rxc7+ Kxc7 54.Kd4 Kb6 55.Kc4 Kc6 56.f4 Kb6 57.Kxb3 Kb5
58.Kc3 Kc5 59.b4+ Kd5 60.Kd3  1-0

[Event "WLS-ch"]
[Site "Chepstow"]
[Date "1999.??.??"]
[Round "7"]
[White "Cobb, James"]
[Black "Morris, Gareth"]
[Result "1-0"]
[WhiteElo "2287"]
[BlackElo "2105"]

1.Nf3 d5 2.d4 Nf6 3.c4 e6 4.Nc3 c6 5.e3 Nbd7 6.Bd3 dxc4 7.Bxc4 b5 8.Bd3 a6
9.a3 c5 10.O-O Bb7 11.Qe2 Bd6 12.b3 O-O 13.Bb2 Rc8 14.Rac1 Qe7 15.a4 b4 16.Nb1 cxd4
17.Rxc8 Bxc8 18.exd4 a5 19.Nbd2 Nb6 20.Ne5 Bb7 21.Ba6 Nbd5 22.Qb5 Rb8 23.Bxb7 Qxb7
24.Qxb7 Rxb7 25.Ndc4 Bc7 26.Nc6 Ne4 27.f3 Nec3 28.N6xa5 Bxa5 29.Nxa5 Rc7
30.Bxc3 Nxc3 31.Kf2 Kf8 32.Ra1 Rd7 33.Nc6 Nd5 34.Rc1 Rc7 35.Rc5 Ke8 36.g3 f6
37.Rc4 Nb6 38.Rc2 Nxa4 39.Nxb4 Rxc2+ 40.Nxc2 Nc3 41.Ke3 Kd7 42.Kd3 Nd5 43.Kc4 Kd6
44.Kd3 Kc6 45.Ne3 Ne7 46.Kc4 Nc8 47.Kb4 Na7 48.Ka5 Nb5 49.Nc2 Nc3 50.b4 Nb5
51.g4 Nc7 52.b5+ Kb7 53.Nb4 Ne8 54.Nd3 Kc7 55.Ka6 Kc8 56.b6 Nd6 57.Nc5 e5
58.dxe5 fxe5 59.Ka7 g6 60.g5 Nb5+ 61.Ka8 Nc7+ 62.bxc7 Kxc7 63.Ne6+ Kd6 64.Nf8 Kd5
65.Nxh7 Ke6 66.h4 Kf5 67.Nf8  1-0

[Event "Cologne KSV-ch"]
[Site "Cologne"]
[Date "1999.??.??"]
[Round "7"]
[White "Epding, V."]
[Black "Georgi, T."]
[Result "1-0"]
[WhiteElo "2020"]
[BlackElo "1850"]

1.d4 d5 2.Nf3 c6 3.e3 Nf6 4.c4 e6 5.Nc3 Nbd7 6.Bd3 dxc4 7.Bxc4 b5 8.Bd3 a6
9.O-O c5 10.Qe2 Bb7 11.Rd1 c4 12.Bc2 Qc7 13.e4 Be7 14.Bg5 b4 15.Na4 h6 16.Bh4 O-O
17.Rac1 Rfe8 18.Nd2 Nxe4 19.Bxe7 Nxd2 20.Bxb4 Qc6 21.f3 Nxf3+ 22.gxf3 Qxf3
23.Qxf3 Bxf3 24.Re1 Rab8 25.Bd6 Rb5 26.Be4 Bxe4 27.Rxe4 Nf6 28.Re2 Rc8 29.b3 Rd5
30.Be5 Ra5 31.Nb6  1-0

[Event "CZE-chT2 9899"]
[Site "CZE"]
[Date "1999.??.??"]
[Round "?"]
[White "Inneman, Martin"]
[Black "Cesal, Jaroslav"]
[Result "0-1"]
[WhiteElo "2270"]
[BlackElo "2320"]

1.d4 d5 2.c4 e6 3.Nc3 Nf6 4.Nf3 c6 5.e3 Nbd7 6.Bd3 dxc4 7.Bxc4 b5 8.Be2 a6
9.O-O c5 10.Ne5 Bb7 11.Bf3 Bxf3 12.Qxf3 Bd6 13.Nxd7 Nxd7 14.Ne4 Be7 15.dxc5 O-O
16.Rd1 Qc7 17.b4 a5 18.Bb2 axb4 19.c6 Nb6 20.Qg4 e5 21.Qf5 Nc4 22.Rd7 Qxc6
23.Rxe7 Nxb2 24.Ng5 Qg6 25.Qxe5 Rxa2 26.Rf1 h6 27.Nf3 Qd3 28.Nd4 Qc3 29.Rc7 Nd3
30.Qg3 Qb2 31.Nxb5 Ra1 32.Nd4 Rxf1+ 33.Kxf1 Ra8 34.Rc2 Qb1+ 35.Ke2 b3 36.Rc7 Ra2+
37.Kf3 Qd1+ 38.Ke4 Nxf2+ 39.Kd5 Qh5+ 40.Kc4 b2 41.Rb7 Ra4+  0-1

[Event "CZE-chT2 9899"]
[Site "CZE"]
[Date "1999.??.??"]
[Round "?"]
[White "Inneman, Martin"]
[Black "Hrubant, Ivan"]
[Result "1-0"]
[WhiteElo "2270"]
[BlackElo "2165"]

1.d4 d5 2.c4 c6 3.Nc3 Nf6 4.Nf3 e6 5.e3 Nbd7 6.Bd3 dxc4 7.Bxc4 b5 8.Be2 Bb7
9.e4 b4 10.e5 bxc3 11.exf6 cxb2 12.fxg7 bxa1=Q 13.gxh8=Q Qa5+ 14.Nd2 Qf5
15.O-O Qxa2 16.Nc4 O-O-O 17.Bd3 Qf6 18.Qxh7 Be7 19.Qdh5 Nf8 20.Q7xf7 Qxd4
21.Be2 Qf6 22.Qxf6 Bxf6 23.Bf4 Ba6 24.Qf7 e5 25.Nd6+ Rxd6 26.Qxa2 Bxe2 27.Bxe5 Bxe5
28.Qxe2 Re6 29.Qa6+ Kd7 30.Qxa7+ Ke8 31.Rd1 Re7 32.Qa8+ Kf7 33.Qxc6 Ng6 34.g3 Bf6
35.Rd6 Re1+ 36.Kg2  1-0

[Event "Moravia-chT 9899"]
[Site "CZE"]
[Date "1999.??.??"]
[Round "10"]
[White "Vavra, Pavel"]
[Black "Michenka, Jozef"]
[Result "1/2-1/2"]
[WhiteElo "2340"]
[BlackElo "2330"]

1.Nf3 Nf6 2.c4 e6 3.d4 d5 4.Nc3 c6 5.e3 Nbd7 6.Qc2 Bd6 7.Be2 O-O 8.O-O dxc4
9.Bxc4 e5 10.Rd1 Qe7 11.Ng5 exd4 12.exd4 Nb6 13.Bd3 h6 14.Nf3 Nbd5 15.Nxd5 Nxd5
16.Bd2 Nb4 17.Bxb4 Bxb4 18.a3 Ba5 19.Ne5 Be6 20.Bc4 Rad8 21.Bxe6 Qxe6 22.Rd3 Rd5
23.Rad1 Rfd8 24.Nf3 Bb6 25.Re3 Qf6 26.Re4 g5 27.Qc4 c5 28.h4 cxd4 29.hxg5 hxg5
30.Qd3 Kg7 31.Rde1 Qg6 32.Kf1 Rh8 33.Ke2 Qf5 34.Re7 Qf6 35.Kd1 Rc8 36.R1e5 Rcc5
37.Rxd5 Rxd5 38.Qe4 Rf5 39.Ne5 Qxe7 40.Qxf5 Qf6 41.Qxf6+ Kxf6 42.Nd3 g4 43.a4 Bc7
44.Ke2 Ke6 45.b3 Bd6 46.Kd2 Kd5 47.Ke2 Ke4 48.Kd2 Bf4+ 49.Ke2  1/2-1/2

[Event "DEN-chT 9899"]
[Site "Denmark"]
[Date "1999.??.??"]
[Round "6"]
[White "Schandorff, Lars"]
[Black "Rasmussen, Karsten"]
[Result "1-0"]
[WhiteElo "2527"]
[BlackElo "2420"]

1.d4 d5 2.c4 c6 3.Nc3 Nf6 4.e3 e6 5.Nf3 Nbd7 6.Bd3 dxc4 7.Bxc4 b5 8.Bd3 Bd6
9.O-O O-O 10.a3 Qe7 11.Bd2 Bb7 12.b4 a5 13.bxa5 e5 14.Qc2 Rfe8 15.Ne4 exd4
16.Nxf6+ Nxf6 17.exd4 c5 18.Rfe1 Qc7 19.dxc5 Bxc5 20.Rxe8+ Rxe8 21.Bb4 Bxf3
22.Qxc5 Qd8 23.Re1 Rxe1+ 24.Bxe1 h6 25.Qxb5 Ba8 26.a6 Qc7 27.h3 g6 28.Qc4 Qb8
29.Bc3 Nd5 30.Qd4 Nxc3 31.Qxc3 Qd8 32.Bf1 Kh7 33.Qc4 Kg7 34.Qc3+ Kh7 35.Qd3 Qe7
36.a4 Qe5 37.Qb5 Qe4 38.Qc4 Qe7 39.h4 h5 40.Kh2 Qd6+ 41.Kg1 Qe7 42.Qd4 Qc7
43.Qf6 Bd5 44.Qg5 Ba8 45.Qe3 Qc6 46.Qf4 Kg7 47.Kh2 Qd5 48.f3 Qd7 49.Bc4 Qe7
50.Qd4+ Kh7 51.a7 Qc7+ 52.Kg1 Qe7 53.Kf2 Kg8 54.Bd3 Kh7 55.g3 f5 56.Qe3 Qb7
57.Be2 Kg7 58.Qd4+ Kh7 59.Ke3 Qe7+ 60.Kd2 Qc7 61.f4 Qb7 62.Kc3 Qe7 63.Kd2 Qb7
64.a5 Qc6 65.a6 Qc7 66.Ke1 Qc6 67.Qc4 Qd7 68.Qc5 Qf7 69.Kf2 Qd7 70.Qe3 Kh6
71.Bf3 Bxf3 72.Kxf3 Qc6+ 73.Kf2 Qxa6 74.Qc5 Qa2+ 75.Kg1 Qb1+ 76.Kh2 Qa2+
77.Kh3 Qa1 78.Qf8+ Kh7 79.a8=Q  1-0

[Event "Dordrecht FPO"]
[Site "Dordrecht"]
[Date "1999.??.??"]
[Round "17"]
[White "Vaganian, Rafael A"]
[Black "Gurevich, Mikhail"]
[Result "0-1"]
[WhiteElo "2605"]
[BlackElo "2629"]

1.Nf3 d5 2.d4 c6 3.c4 Nf6 4.Nc3 e6 5.e3 Nbd7 6.Bd3 dxc4 7.Bxc4 b5 8.Bd3 Bb7
9.e4 b4 10.Na4 c5 11.e5 Nd5 12.Nxc5 Nxc5 13.dxc5 Bxc5 14.O-O Qc7 15.Bd2 h6
16.Rc1 Qb6 17.Qe2 g6 18.Rc2 Kf8 19.Rfc1 Rc8 20.a3 a5 21.axb4 axb4 22.Qe4 Bxf2+
23.Kh1 Rxc2 24.Bxc2 Kg7 25.Bb3 Be3 26.Bxd5 Bxd2 27.Nxd2 Bxd5 28.Qf4 Qd8 29.Qxb4 Qg5
30.Nf3 Qxc1+  0-1

[Event "Dresden op"]
[Site "Dresden"]
[Date "1999.??.??"]
[Round "?"]
[White "Mchedlishvili, Mikheil"]
[Black "Andre, Gorden"]
[Result "1-0"]
[WhiteElo "2440"]
[BlackElo "2175"]

1.d4 d5 2.Nf3 Nf6 3.c4 c6 4.Nc3 e6 5.e3 Nbd7 6.Qc2 Be7 7.Bd3 dxc4 8.Bxc4 b5
9.Bd3 a6 10.e4 Bb7 11.e5 Nd5 12.Nxd5 cxd5 13.h4 h6 14.h5 b4 15.O-O a5 16.Be3 Qb6
17.Rac1 Ba6 18.Bxa6 Qxa6 19.Qa4 Qa7 20.Rc6 O-O 21.Qc2 Rab8 22.Rc1 Nb6 23.Rc7 Rb7
24.b3 Ra8 25.Ne1 Rxc7 26.Qxc7 Qxc7 27.Rxc7 Bd8 28.Rb7 Rc8 29.Nd3 Rc7 30.Rb8 Rc8
31.Rb7 Rc2 32.g4 Kf8 33.Nc5 Ke8 34.Nxe6 fxe6 35.Rxg7 Be7 36.g5 hxg5 37.h6 Bf8
38.Rg6 Kf7 39.Rf6+ Ke7 40.Bxg5 Nd7 41.h7 Bg7 42.Rf3+ Ke8 43.Bh6 Bh8 44.Rg3 Kf7
45.Rg8 Rc7 46.Rxh8 Kg6 47.Be3 Ra7 48.Re8 Kxh7 49.Rxe6  1-0

[Event "Elista"]
[Site "Elista"]
[Date "1999.??.??"]
[Round "1"]
[White "Umgaev, Alexander"]
[Black "Utnasunov, Alexander"]
[Result "0-1"]
[WhiteElo "2201"]
[BlackElo "2140"]

1.Nf3 d5 2.d4 Nf6 3.c4 c6 4.e3 e6 5.Nc3 Nbd7 6.Bd3 dxc4 7.Bxc4 b5 8.Bb3 a6
9.O-O Bb7 10.e4 c5 11.e5 Ne4 12.d5 Nxc3 13.bxc3 c4 14.dxe6 fxe6 15.Bc2 Nc5
16.Nd4 Qd5 17.Qg4 O-O-O 18.Bg5 Rd7 19.Nxe6 h5 20.Qh3 Nxe6 21.Be3 g6 22.Rfd1 Qc6
23.Rxd7 Qxd7 24.Rd1 Qf7 25.a4 Kb8 26.axb5 axb5 27.Qg3 g5 28.Bxg5 h4 29.Qg4 Rg8
30.f4 Bc5+ 31.Kh1 h3 32.Qxh3 Nxf4 33.e6 Nxh3 34.exf7 Rxg5  0-1

[Event "Cataluna-ch (Women)"]
[Site "ESP"]
[Date "1999.??.??"]
[Round "?"]
[White "Serradesanferm, Laura"]
[Black "Hernando, Lourdes"]
[Result "0-1"]
[WhiteElo "1700"]
[BlackElo "1960"]

1.d4 d5 2.c4 e6 3.e3 Nf6 4.Nc3 c6 5.Nf3 Nbd7 6.Bd3 dxc4 7.Bxc4 b5 8.Bd3 a6
9.Qc2 Bb7 10.Ne4 Nxe4 11.Bxe4 Rc8 12.Nd2 Nf6 13.Bf3 Nd5 14.a3 c5 15.dxc5 Bxc5
16.Qd3 Qc7 17.Be4 Nf6 18.Bxb7 Qxb7 19.O-O O-O 20.Nf3 Rfd8 21.Qe2 Qe4 22.Bd2 Bb6
23.Rac1 Rc2 24.Rxc2 Qxc2 25.Rc1 Qxb2 26.Rc6 Ba5 27.Rxa6 Bxd2 28.Nxd2 h6 29.Qf1 Qxd2
30.Qxb5 Qc1+  0-1

[Event "Cataluna-chT"]
[Site "ESP"]
[Date "1999.??.??"]
[Round "1"]
[White "Rodriguez Vargas, Orestes"]
[Black "Korneev, Oleg"]
[Result "1/2-1/2"]
[WhiteElo "2455"]
[BlackElo "2605"]

1.d4 d5 2.c4 e6 3.Nc3 c6 4.e3 Nf6 5.Nf3 Nbd7 6.Bd3 dxc4 7.Bxc4 b5 8.Bd3 a6
9.e4 c5 10.e5 cxd4 11.Nxb5 axb5 12.exf6 gxf6 13.Nxd4 Qb6 14.Be3 Bb4+ 15.Kf1 Bc5
16.Be2 b4 17.h4 Ba6 18.Bxa6 Qxa6+ 19.Kg1 Rg8 20.Rh3 Ne5 21.Rc1 Bxd4 22.Qxd4 Qb7
23.f3 Qxf3 24.Bg5 Qb7 25.Rg3 h6 26.Bf4 Rxg3 27.Bxg3 Qa7 28.Bxe5 fxe5 29.Qxa7 Rxa7
30.Rc4 Rb7 31.Rc5 e4 32.Re5 Ke7 33.Rxe4 f5 34.Rc4 Kd6 35.Kf2 Kd5 36.b3 e5
37.g3 h5 38.Ke3 Rg7 39.Rxb4 Rxg3+ 40.Kf2 Rh3 41.a4 e4 42.Rb5+ Ke6 43.a5 Rxh4
44.a6 Rh2+ 45.Kg3 Ra2 46.Rb6+ Ke5 47.Rb5+ Kf6 48.Kf4 Rf2+ 49.Ke3 Ra2 50.Kf4 Rxa6
51.Rxf5+ Kg6 52.Rg5+ Kh6 53.Re5 Rf6+ 54.Kxe4 h4 55.Kd3 Rf4 56.Re4 Rf3+ 57.Ke2 Rh3
58.Kf2 Kg5 59.Re3 Rh2+ 60.Kg1 Rb2 61.Rc3 Kf4 62.Rc4+ Kg3  1/2-1/2

[Event "Tres Peons op"]
[Site "ESP"]
[Date "1999.??.??"]
[Round "4"]
[White "Vidarte Morales, Arturo"]
[Black "Escuder Vilaltella, J."]
[Result "1-0"]
[WhiteElo "2425"]
[BlackElo "2310"]

1.c4 e6 2.Nf3 d5 3.d4 Nf6 4.Nc3 c6 5.e3 Nbd7 6.Qc2 Be7 7.Bd3 O-O 8.O-O b6
9.e4 dxe4 10.Nxe4 Bb7 11.Rd1 Qc7 12.Bg5 h6 13.Bh4 c5 14.dxc5 Nxc5 15.Nxf6+ Bxf6
16.Bh7+ Kh8 17.Bxf6 gxf6 18.b4 Bxf3 19.gxf3 Qf4 20.bxc5 f5 21.Bxf5 Rg8+ 22.Kf1 exf5
23.Qc3+ Kh7 24.Rd7 Rg7 25.Re1 bxc5 26.Ree7 Qxh2 27.Qd3 Rb8 28.Qxf5+ Kg8 29.Rb7 Rd8
30.Ke2 Qg1 31.Rbd7 Rb8 32.Qe5 Rb1 33.Rd8+ Kh7 34.Qe4+ Qg6 35.Rxa7 Rb2+ 36.Kd3 h5
37.Rd5  1-0